000 01108njm a22002657a 4500
005 20100910153254.0
006 a|||||r|||||00| 0
007 sd ammalaaahaa
008 100830t xxu||||| |||| 00| 0 eng d
028 _aSELRZ-3
_bRegal
035 _aGR-01906
040 _aSED
_cSED
100 _aBhattacharya,Indraneel
_919323
245 _aSitar /
_csung by Indraneel Bhattacharya
_h[sound recording]:
246 _aसितार /
260 _aDum Dum, India:
_bRegal
_c1969
300 _a1 sound disc [GramphoneRecording]:
_banalog,33 1/3 rpm
_c12.5 in.(LP)
_fGramphones Records
500 _aBrief Record
505 _aSide1 राग बिहाग -तीन ताल (Raag bihag-teen taal ) (Indraneel Bhattacharya ) Side 2 राग पुरिया धनाश्री -रूपक (raag puria dhanashri-rupak) (Indraneel Bhattacharya).
650 _xExcerpts
_zIndia
_917446
_aMotion picture music
700 _aAnandji, Kalyanji
_919523
700 _aIndiwar
_919567
942 _2ddc
_cGR
999 _c45237
_d45237